书目信息 |
| 题名: |
ESG披露标准体系研究
|
|
| 作者: | 孙忠娟 主编 | |
| 分册: | ||
| 出版信息: | 北京 经济管理出版社 2021.12 |
|
| 页数: | 365页 | |
| 开本: | 24cm | |
| 丛书名: | 中国ESG研究院文库 | |
| 单 册: | ||
| 中图分类: | X322-65 | |
| 科图分类: | ||
| 主题词: | 企业环境管理--qi ye huan jing guan li--国际标准--标准体系--研究 | |
| 电子资源: | ||
| ISBN: | 978-7-5096-8238-8 | |
| 000 | 01617nam 2200289 450 | |
| 001 | 25071 | |
| 005 | 20220918151729.92 | |
| 010 | @a978-7-5096-8238-8@dCNY88.00 | |
| 100 | @a20220321d2021 em y0chiy50 ea | |
| 101 | 0 | @achi |
| 102 | @aCN@b110000 | |
| 105 | @aa a 000yy | |
| 200 | 1 | @aESG披露标准体系研究@AESG pi lu biao zhun ti xi yan jiu@d= A study on ESG disclosure standards and frameworks@f孙忠娟 ... [等] 主编@zeng |
| 210 | @a北京@c经济管理出版社@d2021.12 | |
| 215 | @a365页@c图@d24cm | |
| 225 | 2 | @a中国ESG研究院文库@Azhong guo ESG yan jiu yuan wen ku |
| 304 | @a题名页题其余责任者: 罗伊, 马文良, 梁晗, 孙为政 | |
| 314 | @a孙忠娟, 博士, 首都经济贸易大学中国ESG研究院披露标准研究中心副主任, 研究员, 工商管理学院副教授。 | |
| 320 | @a有书目 (第357-365页) | |
| 330 | @a本书内容基于国内外ESG披露实践对比分析、二手数据描述性统计和Python软件词频挖掘等文本分析, 系统梳理与ESG披露相关的各个标准体系演变和主要内容体系, 确认我国在“十四五”期间引入ESG披露体系保证可持续发展的现实基础和可行性, 指出中国发展ESG披露标准体系的相关基础和现实问题, 并提出中国发展ESG披露的政策体系建议和展望。本书共分10章, 通过分析各个披露框架、各国可持续发展政策和中国披露情况, 总结ESG的理论基础和政策基础, 提出中国ESG信息披露的通用标准和针对性行业标准, 并作出中国ESG信息披露研究院的展望与计划。 | |
| 410 | 0 | @12001 @a中国ESG研究院文库 |
| 510 | 1 | @aStudy on ESG disclosure standards and frameworks@zeng |
| 606 | 0 | @a企业环境管理@Aqi ye huan jing guan li@x国际标准@x标准体系@x研究 |
| 690 | @aX322-65@v5 | |
| 701 | 0 | @a孙忠娟@Asun zhong juan@4主编 |
| 801 | 0 | @aCN@c20220910 |
| 905 | @a河南城建学院图书馆@dX322-65@eS980@f2 | |
| ESG披露标准体系研究= A study on ESG disclosure standards and frameworks/孙忠娟 ... [等] 主编.-北京:经济管理出版社,2021.12 |
| 365页:图;24cm.-(中国ESG研究院文库) |
| ISBN 978-7-5096-8238-8:CNY88.00 |
| 本书内容基于国内外ESG披露实践对比分析、二手数据描述性统计和Python软件词频挖掘等文本分析, 系统梳理与ESG披露相关的各个标准体系演变和主要内容体系, 确认我国在“十四五”期间引入ESG披露体系保证可持续发展的现实基础和可行性, 指出中国发展ESG披露标准体系的相关基础和现实问题, 并提出中国发展ESG披露的政策体系建议和展望。本书共分10章, 通过分析各个披露框架、各国可持续发展政策和中国披露情况, 总结ESG的理论基础和政策基础, 提出中国ESG信息披露的通用标准和针对性行业标准, 并作出中国ESG信息披露研究院的展望与计划。 |
| ● |
| 相关链接 |
|
|
|
正题名:ESG披露标准体系研究
索取号:X322-65/S980
 
预约/预借
| 序号 | 登录号 | 条形码 | 馆藏地/架位号 | 状态 | 备注 |
| 1 | 1575757 | 215757571 | 自科库501/501自科库 66排5列1层/ [索取号:X322-65/S980] | 在馆 | |
| 2 | 1575758 | 215757580 | 自科库501/501自科库 66排6列3层/ [索取号:X322-65/S980] | 在馆 |